<?xml version="1.0" encoding="UTF-8"?>
<record
    xmlns:xsi="http://www.w3.org/2001/XMLSchema-instance"
    xsi:schemaLocation="http://www.loc.gov/MARC21/slim http://www.loc.gov/standards/marcxml/schema/MARC21slim.xsd"
    xmlns="http://www.loc.gov/MARC21/slim">

  <leader>02231nam a22002297a 4500</leader>
  <controlfield tag="003">OSt</controlfield>
  <controlfield tag="005">20260423155046.0</controlfield>
  <controlfield tag="008">260423b        |||||||| |||| 00| 0 eng d</controlfield>
  <datafield tag="020" ind1=" " ind2=" ">
    <subfield code="a">9783031964831</subfield>
  </datafield>
  <datafield tag="040" ind1=" " ind2=" ">
    <subfield code="c">kul</subfield>
  </datafield>
  <datafield tag="082" ind1=" " ind2=" ">
    <subfield code="a">616.079 DAE.E</subfield>
  </datafield>
  <datafield tag="100" ind1=" " ind2=" ">
    <subfield code="a">Da&#xEB;ron, Marc. </subfield>
    <subfield code="9">13772</subfield>
  </datafield>
  <datafield tag="245" ind1=" " ind2=" ">
    <subfield code="a">Endless Immunity: </subfield>
    <subfield code="b">Rethinking the Immune System</subfield>
  </datafield>
  <datafield tag="260" ind1=" " ind2=" ">
    <subfield code="a">Switzerland: </subfield>
    <subfield code="b">Springer Nature, </subfield>
    <subfield code="c">2025. </subfield>
  </datafield>
  <datafield tag="300" ind1=" " ind2=" ">
    <subfield code="a">xxii, 303p. </subfield>
  </datafield>
  <datafield tag="520" ind1=" " ind2=" ">
    <subfield code="a">This book takes the reader on an inspiring journey into the immune system, challenging long-held beliefs about immunity. It examines the immune system under historical, philosophical and biological perspectives. It proposes a new way of understanding immunity that goes beyond the binary opposition between self and non-self.

Indeed, we, the livings, are chimeras. Mammals, birds, reptiles or fish, insects, spiders or mollusks, plants or algae, we are all made up of a community of living beings who share their lives in the same 'meta-organism'. If we live together, it is because we need each other to live, and if we can live together, it is because an immune system makes it possible, by adapting us to them and by adapting them to us. From this mutual adaptation a new kind of immunity emerges, dynamic, relational, never acquired, an endless immunity. Immunity that this system makes possible is not perfect, far from it, it is a compromise which does not always prevent disease; sometimes it even causes it. Disease is the cost of immunity. Because what the immune system enables is much more essential than the defense of the organism, it is the very existence of the meta-organism that we are. Immunity is more than a protection; it is a condition of existence.

With its didactic structure and accessible style, this book is an essential resource for anyone interested in understanding immunity and the immune system. It offers different levels of complexity from which the reader can choose, depending on his or her background, without compromising the main message of the text. </subfield>
  </datafield>
  <datafield tag="650" ind1=" " ind2=" ">
    <subfield code="a">Immunology</subfield>
    <subfield code="9">13773</subfield>
  </datafield>
  <datafield tag="650" ind1=" " ind2=" ">
    <subfield code="a">Immune System</subfield>
    <subfield code="9">13774</subfield>
  </datafield>
  <datafield tag="650" ind1=" " ind2=" ">
    <subfield code="a">Evolution of the Immune System</subfield>
    <subfield code="9">13775</subfield>
  </datafield>
  <datafield tag="650" ind1=" " ind2=" ">
    <subfield code="a">Medical Microbiology</subfield>
    <subfield code="9">13776</subfield>
  </datafield>
  <datafield tag="942" ind1=" " ind2=" ">
    <subfield code="2">ddc</subfield>
    <subfield code="c">BK</subfield>
  </datafield>
  <datafield tag="999" ind1=" " ind2=" ">
    <subfield code="c">758953</subfield>
    <subfield code="d">758953</subfield>
  </datafield>
  <datafield tag="952" ind1=" " ind2=" ">
    <subfield code="0">0</subfield>
    <subfield code="1">0</subfield>
    <subfield code="2">ddc</subfield>
    <subfield code="4">0</subfield>
    <subfield code="7">0</subfield>
    <subfield code="a">CAMPUS</subfield>
    <subfield code="b">CAMPUS</subfield>
    <subfield code="c">GEN</subfield>
    <subfield code="d">2026-04-23</subfield>
    <subfield code="l">0</subfield>
    <subfield code="o">616.079 DAE.E</subfield>
    <subfield code="p">UCL35777</subfield>
    <subfield code="r">2026-04-23 15:51:21</subfield>
    <subfield code="w">2026-04-23</subfield>
    <subfield code="y">BK</subfield>
  </datafield>
</record>
